Noble Sciencetist Of India (Record no. 210505)

MARC details
000 -LEADER
fixed length control field 00509nam a22001817a 4500
005 - DATE AND TIME OF LATEST TRANSACTION
control field 20250326113936.0
010 ## - LCCN (DPL NO)
LC control number ENG-140145
020 ## - INTERNATIONAL STANDARD BOOK NUMBER
Terms of availability 325.00
International Standard Book Number 9789386537683
035 ## - SYSTEM CONTROL NUMBER
System control number EN-123677
037 ## - SOURCE OF ACQUISITION
Source of stock number/acquisition DBAD
082 ## - DEWEY DECIMAL CLASSIFICATION NUMBER
Classification number 332.68
100 ## - MAIN ENTRY--PERSONAL NAME
Personal name Sarkar S
245 ## - TITLE STATEMENT
Title Noble Sciencetist Of India
Statement of responsibility, etc S. Sarkar
Medium ENGLISH
260 ## - PUBLICATION, DISTRIBUTION, ETC. (IMPRINT)
Place of publication, distribution, etc kOLKATTA
Name of publisher, distributor, etc Prabir Sarkar
Date of publication, distribution, etc 2017
270 ## - ADDRESS
City kolkatta
Address 37/1A ,Beniatola Lane
Postal code 700009
300 ## - PHYSICAL DESCRIPTION
Extent 196p
Dimensions 21cm(pbk)
942 ## - ADDED ENTRY ELEMENTS (KOHA)
Source of classification or shelving scheme Dewey Decimal Classification
Item type English Books
Classification part 509.2
Call number suffix SAR

No items available.


© Delhi Public Library
Hit Counter
free hit counter